000 01419nam a2200289 a 4500
001 BRCA_2773
005 20190320203949.0
008 081208s1902----sp-a---###---#000-0#spa-#
041 _aspa
044 _asp
084 _a244
_b.C355
_c1902
100 1 _aCervantes Saavedra, Miguel de
_d1547-1616
_9213
245 1 0 _aEl Ingenioso Hidalgo Don Quijote de la Mancha
_ccompuesto por Miguel de Cervantes Saavedra.
260 _aMadrid
_bSaturnino Calleja Fernández
_c1902
300 _axix, 644 p.
_bil.
_c16 cm.
500 _aContenido : Primera parte. Retrato de Cervantes. Dedicatoria del autor. Prólogo del autor. Versos preliminares. Texto. Segunda parte. Dedicatoria del autor. Prólogo del autor. Texto
500 _aEdición : Edición económica ilustrada con dibujos de M. Ángel, grabados por Carretero y Sampietro
500 _aEdición económica de bolsillo, ilustrada con las copias de los dibujos de otras ediciones de la misma Casa editorial. Tela; lomera y cubiertas decoradas con motivos quijotiles en negro y dorado Lúdovik Osterc
500 _aQM227
650 1 4 _aNovela española
_yÉpoca clásica, 1500-1700
_9215
650 1 4 _aLiteratura española
_yÉpoca clásica, 1500-1700
_9216
650 1 4 _aNovela española
_ySiglo XVII
_9217
650 1 4 _aDon Quijote (Personaje ficticio)
_eNovela
_9218
740 0 _aEl Ingenioso Hidalgo Don Quijote de la Mancha
902 _aQFM
942 _2lcc
_cB
999 _c2513
_d2513